| 000 | 00575cam a2200217 4500 | ||
|---|---|---|---|
| 001 | 3598951 | ||
| 005 | 20180302034156.0 | ||
| 008 | 720705s1972 nyua b 001 0 eng | ||
| 010 | _a 70037170 | ||
| 020 | _a047134558X | ||
| 040 |
_aDLC _cDLC _dDLC |
||
| 041 | _aeng | ||
| 080 | _a546.7122 | ||
| 082 | 0 | 0 | _a546.7122 HAL |
| 100 | _a12 | ||
| 101 | _aKIM | ||
| 245 | 0 | 0 |
_aAnalytical chemistry of phosphorus compounds. _cEdited by M. Halmann. |
| 504 | _aIncludes bibliographical references. | ||
| 906 |
_a7 _bcbc _corignew _d2 _eocip _f19 _gy-gencatlg |
||
| 942 |
_2ddc _cBK |
||
| 999 |
_c43932 _d43932 |
||